[Event "Ruzomberok GM 2019"]
[Site "Ruzomberok"]
[Date "2019.06.29"]
[Round "1.1"]
[White "Druska, Juraj"]
[Black "Jurcik, Marian"]
[Result "1-0"]
[WhiteElo "2460"]
[BlackElo "2501"]
[Annotator "TA"]
[PlyCount "81"]
[EventDate "2019.06.29"]
[EventType "tourn"]
[EventCountry "SVK"]
[SourceTitle "playchess.com"]
[Source "ChessBase"]
[SourceQuality "1"]

{[%evp 14,81,58,56,48,35,96,69,82,53,55,54,61,48,66,70,76,11,0,19,72,72,79,52,56,0,0,0,0,0,66,66,67,87,38,18,48,30,30,22,39,14,28,34,32,35,164,160,381,381,527,480,497,520,509,513,497,481,538,531,523,497,487,499,553,553,29997,29998,29998,403]} 1. e4 d6 2. d4 Nf6 3. Nc3 g6 4. Bg5 Bg7 5. Qd2 h6 6. Bh4 g5 7. Bg3 Nh5 8. O-O-O Nd7 {B07: Pirc Defence: Miscellaneous Systems} (8... c6 9. Nge2 b5 10. f4 Qa5 11. a3 Nd7 12. Kb1 Nb6 13. fxg5 Nc4 14. Qd3 hxg5 15. Nc1 Qb6 16. Nb3 {0-1 (38) Amin,B (2689)-Petrosian,T (2601) Riadh 2017}) 9. Nge2 c6 (9... c5 $14) 10. h4 g4 {White is slightly better.} 11. Bh2 $146 ({Predecessor:} 11. f3 Nxg3 12. Nxg3 Nf6 13. f4 h5 14. Kb1 b5 15. Bd3 a6 16. e5 {0-1 (40) Perez Castellano,S (1807)-Gonzalez Perez,C (1691) Tenerife 2011}) 11... b5 12. e5 d5 13. e6 fxe6 14. Nf4 Nxf4 15. Bxf4 ({White should try} 15. Qxf4 $16 h5 16. Bd3) 15... b4 16. Ne2 Qa5 (16... Qb6 $11 {remains equal.}) 17. Kb1 $16 c5 18. f3 Qb6 19. fxg4 (19. dxc5 $14 Nxc5 20. Qe3) 19... cxd4 $1 $11 20. Ng3 ({Of course not} 20. Nxd4 Bxd4 21. Qxd4 Qxd4 $17) 20... e5 21. Nh5 $1 {[%cal Rh5g7]} Qg6 ({Better is} 21... O-O $11 22. Nxg7 Rxf4) 22. Bh2 $14 O-O 23. Nxg7 Qxg7 24. g5 hxg5 25. Bb5 {Strongly threatening Bc6.} Nb6 ({Don't play} 25... gxh4 26. Bc6 $14) 26. Bc6 Bg4 {[#] Hoping for ...Rac8.} 27. Rde1 e4 28. Bxa8 Rxa8 29. Qxb4 gxh4 {[#]} (29... Rc8 $1 $14) 30. Bc7 $1 $18 {[%csl LRb6,LRh4]} e6 $2 (30... Rf8 $16 {might work better.}) 31. Rxh4 {Threatens to win with Be5!} Nc4 32. Reh1 d3 33. cxd3 exd3 {...d2 is the strong threat.} 34. Qc3 Qxc3 35. bxc3 Bf5 36. Rh8+ Kf7 37. Rxa8 d2+ 38. Ka1 Ne3 39. Be5 Be4 40. Rxa7+ Kg6 41. Ra8 {Accuracy: White = 77%, Black = 49%.} (41. Rg7+ $142 Kf5 42. Rh5#) 1-0

[Event "Ruzomberok GM 2019"]
[Site "Ruzomberok"]
[Date "2019.06.29"]
[Round "1.2"]
[White "Nayhebaver, Martin"]
[Black "Repka, Christopher"]
[Result "1/2-1/2"]
[WhiteElo "2473"]
[BlackElo "2482"]
[Annotator "ChessBase"]
[PlyCount "66"]
[EventDate "2019.06.29"]
[EventType "tourn"]
[EventCountry "SVK"]
[SourceTitle "playchess.com"]
[Source "ChessBase"]
[SourceQuality "1"]
[TimeControl "40/5400+30:1800+30"]

1. e4 {[%emt 0:00:00]} c5 {[%emt 0:00:00]} 2. Nf3 {[%emt 0:00:00]} d6 {[%emt 0:00:05]} 3. d4 {[%emt 0:00:46]} cxd4 {[%emt 0:00:16]} 4. Nxd4 {[%emt 0:00:12]} Nf6 {[%emt 0:00:09]} 5. Nc3 {[%emt 0:00:07]} a6 {[%emt 0:00:03]} 6. Bg5 {[%emt 0:03:47]} e6 {[%emt 0:12:54]} 7. f4 {[%emt 0:03:00]} h6 {[%emt 0:00:06]} 8. Bh4 {[%emt 0:00:24]} Qb6 {[%emt 0:00:41]} 9. Qd2 {[%emt 0:02:51]} Qxb2 {[%emt 0:03:52]} 10. Rb1 {[%emt 0:01:50]} Qa3 {[%emt 0:00:05]} 11. f5 {[%emt 0:03:31]} Be7 {[%emt 0:00:58]} 12. fxe6 {[%emt 0:01:43]} fxe6 {[%emt 0:00:07]} 13. Bc4 {[%emt 0:03:23]} Nxe4 {[%emt 0:02:27]} 14. Nxe4 {[%emt 0:05:26]} Bxh4+ {[%emt 0:00:04]} 15. g3 {[%emt 0:00:26]} Bg5 {[%emt 0:00:03]} 16. Nxg5 {[%emt 0:01:33]} hxg5 {[%emt 0:00:05]} 17. O-O {[%emt 0:07:56]} Qc5 {[%emt 0:00:06]} 18. Qf2 {[%emt 0:03:09]} Nc6 {[%emt 0:00:16]} 19. Nxe6 {[%emt 0:01:18]} Qxf2+ {[%emt 0:00:07]} 20. Rxf2 {[%emt 0:00:06]} Bxe6 {[%emt 0:00:04]} 21. Bxe6 {[%emt 0:00:08]} Rb8 {[%emt 0:00:03]} 22. Bd5 {[%emt 0:01:31]} Ne5 {[%emt 0:00:43]} 23. Bxb7 {[%emt 0:03:32]} Ke7 {[%emt 0:00:15]} 24. Rb3 {[%emt 0:01:56]} a5 {[%emt 0:00:06]} 25. a4 {[%emt 0:01:04]} Kd7 {[%emt 0:00:34]} 26. Rf1 {[%emt 0:03:15]} Kc7 {[%emt 0:00:05]} 27. Rfb1 {[%emt 0:00:28]} Nd7 {[%emt 0:00:05]} 28. Rb5 {[%emt 0:02:05]} Nc5 {[%emt 0:01:16]} 29. Bd5 {[%emt 0:00:51]} Rhe8 {[%emt 0:00:09]} 30. Kf2 {[%emt 0:01:20]} Rxb5 {[%emt 0:00:36]} 31. Rxb5 {[%emt 0:00:25]} g4 {[%emt 0:00:14]} 32. Rxa5 {[%emt 0:01:43]} Re5 {[%emt 0:00:14]} 33. c4 {[%emt 0:00:56]} Nd3+ {[%emt 0:00:17]} 1/2-1/2

[Event "Ruzomberok GM 2019"]
[Site "Ruzomberok"]
[Date "2019.06.29"]
[Round "1.3"]
[White "Pechac, Jergus"]
[Black "Mazur, Stefan"]
[Result "0-1"]
[WhiteElo "2473"]
[BlackElo "2426"]
[Annotator "TA"]
[PlyCount "60"]
[EventDate "2019.06.29"]
[EventType "tourn"]
[EventCountry "SVK"]
[SourceTitle "playchess.com"]
[Source "ChessBase"]
[SourceQuality "1"]

{[%evp 12,60,44,37,41,36,43,44,46,40,48,40,32,35,44,43,79,48,47,46,76,45,112,122,118,106,74,0,0,-25,-30,-59,-62,-109,-113,-166,-120,-225,-224,-536,-537,-652,-644,-856,-613,-29985,-29986,-29985,-1301,-1281,-1256]} 1. d4 Nf6 2. c4 g6 3. Nc3 Bg7 4. e4 d6 5. h3 O-O 6. Be3 c5 7. Nf3 Qa5 {aiming for ...Nxe4. E90: King's Indian: Classical: Early deviations and 6 h3} 8. Bd3 Nfd7 9. O-O Nc6 {[%cal Rc5d4] White is slightly better.} 10. Be2 cxd4 11. Nxd4 Nxd4 12. Bxd4 Bxd4 13. Qxd4 {[#]} Ne5 $146 ({Predecessor:} 13... Qc5 14. Qd2 Nf6 15. Rfe1 {½-½ (105) Rodshtein,M (2695)-Pichot,A (2565) Douglas 2017}) 14. Rad1 Be6 15. b3 a6 16. Qe3 b5 ({Better is} 16... f6 $14) 17. f4 $16 ({Don't take} 17. cxb5 axb5 18. f4 (18. Bxb5 Rfc8 $15) (18. Nxb5 Qxa2 19. Nd4 Qa7 $11) 18... b4 $14) 17... b4 18. Na4 ({Much less strong is} 18. fxe5 $6 bxc3 19. exd6 exd6 $14) 18... Nxc4 19. Qf2 (19. Qd4 $16 Na3 20. f5 gxf5 21. Bd3) 19... f6 $1 $11 20. h4 Rac8 21. h5 gxh5 22. Rd3 Kh8 23. Qh4 (23. Re1 $17) 23... Bf7 24. e5 (24. Qf2 $17) 24... dxe5 $19 25. Rd7 $2 (25. Rh3 {is more resistant.} Rg8 26. Bxh5 Bxh5 27. Qxh5) 25... Ne3 26. Rxe7 Bg6 27. Bxh5 Qd8 28. Rf3 Rc1+ 29. Kh2 {[#]} Nf1+ (29... Qd1 $142 $1 30. Rxe3 Qg1+ {[%mdl 64] Double Attack} 31. Kg3 Qxe3+ 32. Kh2 Qg1+ 33. Kg3 Qe1+ 34. Kg4 Bxh5+ 35. Kxh5 {[#]} Qe4 $1 {[%mdl 576] Double Attack} 36. Rxh7+ Qxh7+ 37. Kg4 Rg8+ 38. Kf3 Qxh4 39. Ke4 Qxf4+ 40. Kd5 Qd4+ 41. Ke6 Rc6+ 42. Kf7 Qd7#) 30. Rxf1 Rxf1 {Accuracy: White = 15%, Black = 64%.} 0-1

[Event "Ruzomberok GM 2019"]
[Site "Ruzomberok"]
[Date "2019.06.29"]
[Round "1.4"]
[White "Manik, Mikulas"]
[Black "Pacher, Milan"]
[Result "1/2-1/2"]
[WhiteElo "2399"]
[BlackElo "2434"]
[Annotator "NA"]
[PlyCount "60"]
[EventDate "2019.06.29"]
[EventType "tourn"]
[EventCountry "SVK"]
[SourceTitle "playchess.com"]
[Source "ChessBase"]
[SourceQuality "1"]
[TimeControl "40/5400+30:1800+30"]

1. e4 {[%emt 0:00:00]} c6 {[%emt 0:00:00]} 2. d4 {[%emt 0:00:00]} d5 {[%emt 0:00:02]} 3. exd5 {[%emt 0:00:12]} cxd5 {[%emt 0:00:05]} 4. c4 {[%emt 0:01:03]} Nf6 {[%emt 0:00:07]} 5. Nc3 {[%emt 0:00:12]} Nc6 {[%emt 0:01:04]} 6. Nf3 {[%emt 0:02:47]} Bg4 {[%emt 0:00:43]} 7. cxd5 {[%emt 0:03:29]} Nxd5 {[%emt 0:00:05]} 8. Qb3 {[%emt 0:01:48]} Bxf3 {[%emt 0:02:01]} 9. gxf3 {[%emt 0:00:11]} e6 {[%emt 0:01:05]} 10. Qxb7 {[%emt 0:00:56]} Nxd4 {[%emt 0:00:13]} 11. Bb5+ {[%emt 0:00:14]} Nxb5 {[%emt 0:00:13]} 12. Qc6+ {[%emt 0:00:57]} Ke7 {[%emt 0:00:16]} 13. Qxb5 {[%emt 0:00:20]} Qd7 {[%emt 0:00:41]} 14. Nxd5+ {[%emt 0:01:06]} Qxd5 {[%emt 0:00:09]} 15. Qxd5 {[%emt 0:00:10]} exd5 {[%emt 0:00:05]} 16. Be3 {[%emt 0:04:00]} Ke6 {[%emt 0:03:30]} 17. O-O-O {[%emt 0:02:44]} Bb4 {[%emt 0:07:18]} 18. Rd3 {[%emt 0:02:01]} Rhc8+ {[%emt 0:00:37]} 19. Kb1 {[%emt 0:00:16]} Bc5 {[%emt 0:01:29]} 20. Rhd1 {[%emt 0:00:47]} Bxe3 {[%emt 0:01:22]} 21. Rxe3+ {[%emt 0:01:44]} Kd6 {[%emt 0:00:19]} 22. Red3 {[%emt 0:03:10]} Rc5 {[%emt 0:00:11]} 23. Ra3 {[%emt 0:00:31]} a5 {[%emt 0:00:49]} 24. Rb3 {[%emt 0:00:16]} Rac8 {[%emt 0:01:22]} 25. Rb6+ {[%emt 0:01:49]} R8c6 {[%emt 0:00:29]} 26. Rb7 {[%emt 0:00:17]} Rc7 {[%emt 0:00:05]} 27. Rb6+ {[%emt 0:00:13]} R7c6 {[%emt 0:00:04]} 28. Rb7 {[%emt 0:00:06]} Rc7 {[%emt 0:00:04]} 29. Rb6+ {[%emt 0:00:29]} R7c6 {[%emt 0:00:04]} 30. Rb7 {[%emt 0:00:07]} Rc7 {[%emt 0:00:03]} 1/2-1/2

[Event "Ruzomberok GM 2019"]
[Site "Ruzomberok"]
[Date "2019.06.29"]
[Round "1.5"]
[White "Hrabusa, Matej"]
[Black "Petenyi, Tamas"]
[Result "0-1"]
[WhiteElo "2397"]
[BlackElo "2412"]
[Annotator "NA"]
[PlyCount "72"]
[EventDate "2019.06.29"]
[EventType "tourn"]
[EventCountry "SVK"]
[SourceTitle "playchess.com"]
[Source "ChessBase"]
[SourceQuality "1"]
[TimeControl "40/5400+30:1800+30"]

1. d4 {[%emt 0:00:00]} Nf6 {[%emt 0:00:00]} 2. Nf3 {[%emt 0:00:00]} g6 {[%emt 0:00:00]} 3. g3 {[%emt 0:00:00]} Bg7 {[%emt 0:00:00]} 4. Bg2 {[%emt 0:00:00]} O-O {[%emt 0:00:08]} 5. O-O {[%emt 0:00:04]} c5 {[%emt 0:01:13]} 6. c3 {[%emt 0:03:08]} Qc7 {[%emt 0:04:11]} 7. Re1 {[%emt 0:03:03]} d6 {[%emt 0:00:17]} 8. e4 {[%emt 0:02:09]} Bg4 {[%emt 0:01:25]} 9. h3 {[%emt 0:05:52]} Bxf3 {[%emt 0:00:07]} 10. Bxf3 {[%emt 0:00:09]} Nfd7 {[%emt 0:02:34]} 11. Be3 {[%emt 0:07:15]} Nc6 {[%emt 0:01:32]} 12. dxc5 {[%emt 0:03:25]} Nxc5 {[%emt 0:00:54]} 13. Qc2 {[%emt 0:06:48]} Ne5 {[%emt 0:06:48]} 14. Be2 {[%emt 0:02:52]} b5 {[%emt 0:01:33]} 15. Nd2 {[%emt 0:02:51]} Rab8 {[%emt 0:01:41]} 16. f4 {[%emt 0:03:13]} Ned7 {[%emt 0:02:09]} 17. a3 {[%emt 0:09:51]} a5 {[%emt 0:04:17]} 18. Bf2 {[%emt 0:10:29]} b4 {[%emt 0:03:00]} 19. axb4 {[%emt 0:00:32]} axb4 {[%emt 0:00:09]} 20. Bf1 {[%emt 0:05:41]} Rfc8 {[%emt 0:04:00]} 21. cxb4 {[%emt 0:05:00]} Rxb4 {[%emt 0:00:27]} 22. Ra2 {[%emt 0:02:15]} Qb8 {[%emt 0:02:04]} 23. Nc4 {[%emt 0:02:56]} Ne6 {[%emt 0:05:11]} 24. Rd1 {[%emt 0:04:12]} Ndc5 {[%emt 0:08:21]} 25. f5 {[%emt 0:05:04]} Ng5 {[%emt 0:02:36]} 26. Bxc5 {[%emt 0:02:55]} Rxc5 {[%emt 0:00:32]} 27. Rda1 {[%emt 0:00:38]} Bd4+ {[%emt 0:06:21]} 28. Kh1 {[%emt 0:01:33]} Qb7 {[%emt 0:00:35]} 29. Qd2 {[%emt 0:03:07]} Bf6 {[%emt 0:05:44]} 30. Ra8+ {[%emt 0:01:31]} Kg7 {[%emt 0:01:38]} 31. Bg2 {[%emt 0:01:34]} Nxe4 {[%emt 0:02:31]} 32. Na5 {[%emt 0:03:06]} Rxa5 {[%emt 0:01:19]} 33. R1xa5 {[%emt 0:00:52]} Nxd2 {[%emt 0:00:10]} 34. Bxb7 {[%emt 0:00:05]} Rxb7 {[%emt 0:00:04]} 35. g4 {[%emt 0:00:41]} Rxb2 {[%emt 0:01:14]} 36. fxg6 {[%emt 0:00:38]} Nf3 {[%emt 0:00:51]} 0-1

[Event "Ruzomberok GM 2019"]
[Site "Ruzomberok"]
[Date "2019.06.30"]
[Round "2.1"]
[White "Jurcik, Marian"]
[Black "Petenyi, Tamas"]
[Result "1/2-1/2"]
[WhiteElo "2501"]
[BlackElo "2412"]
[Annotator "ChessBase"]
[PlyCount "120"]
[EventDate "2019.06.29"]
[EventType "tourn"]
[EventCountry "SVK"]
[SourceTitle "playchess.com"]
[Source "ChessBase"]
[SourceQuality "1"]
[TimeControl "40/5400+30:1800+30"]

1. e4 {[%emt 0:00:00]} g6 {[%emt 0:01:01]} 2. d4 {[%emt 0:00:00]} Bg7 {[%emt 0:00:05]} 3. Nc3 {[%emt 0:00:13]} c6 {[%emt 0:01:49]} 4. Nf3 {[%emt 0:02:51]} b5 {[%emt 0:02:33]} 5. Bd3 {[%emt 0:03:07]} d6 {[%emt 0:00:36]} 6. h3 {[%emt 0:03:45]} Nd7 {[%emt 0:01:01]} 7. O-O {[%emt 0:03:29]} a6 {[%emt 0:03:38]} 8. a4 {[%emt 0:07:13]} b4 {[%emt 0:03:16]} 9. Ne2 {[%emt 0:00:59]} Qc7 {[%emt 0:04:34]} 10. a5 {[%emt 0:08:11]} Ngf6 {[%emt 0:00:59]} 11. Ng3 {[%emt 0:01:30]} O-O {[%emt 0:00:28]} 12. Qe1 {[%emt 0:07:05]} Ne8 {[%emt 0:07:09]} 13. Bg5 {[%emt 0:10:34]} f6 {[%emt 0:04:16]} 14. Bd2 {[%emt 0:00:35]} c5 {[%emt 0:02:01]} 15. Qe2 {[%emt 0:06:31]} e5 {[%emt 0:02:12]} 16. c3 {[%emt 0:07:37]} bxc3 {[%emt 0:01:46]} 17. bxc3 {[%emt 0:00:03]} Kh8 {[%emt 0:01:02]} 18. Bc4 {[%emt 0:02:17]} Ra7 {[%emt 0:04:16]} 19. h4 {[%emt 0:01:41]} cxd4 {[%emt 0:13:59]} 20. cxd4 {[%emt 0:00:43]} exd4 {[%emt 0:02:25]} 21. Nxd4 {[%emt 0:02:26]} Ne5 {[%emt 0:01:08]} 22. Be6 {[%emt 0:01:25]} Bd7 {[%emt 0:05:31]} 23. h5 {[%emt 0:02:38]} gxh5 {[%emt 0:06:09]} 24. Qxh5 {[%emt 0:04:09]} Qc8 {[%emt 0:09:40]} 25. Rac1 {[%emt 0:05:16]} Rc7 {[%emt 0:01:31]} 26. Rxc7 {[%emt 0:01:59]} Qxc7 {[%emt 0:01:54]} 27. Ngf5 {[%emt 0:01:44]} Qb7 {[%emt 0:04:16]} 28. Bh6 {[%emt 0:04:00]} Qxe4 {[%emt 0:04:26]} 29. Qxe8 {[%emt 0:04:30]} Bxh6 {[%emt 0:00:25]} 30. Qe7 {[%emt 0:01:02]} Bc6 {[%emt 0:05:07]} 31. Nxc6 {[%emt 0:04:41]} Nxc6 {[%emt 0:00:11]} 32. Qxd6 {[%emt 0:03:02]} Rd8 {[%emt 0:02:10]} 33. Qc7 {[%emt 0:00:23]} Qxe6 {[%emt 0:00:38]} 34. Nxh6 {[%emt 0:00:01]} Rd7 {[%emt 0:00:57]} 35. Qb6 {[%emt 0:00:55]} Kg7 {[%emt 0:02:16]} 36. Nf5+ {[%emt 0:00:02]} Qxf5 {[%emt 0:00:07]} 37. Qxc6 {[%emt 0:00:09]} Rd5 {[%emt 0:00:40]} 38. Qxa6 {[%emt 0:01:16]} Rxa5 {[%emt 0:00:06]} 39. Qb7+ {[%emt 0:00:45]} Kg6 {[%emt 0:00:18]} 40. Qb8 {[%emt 0:00:29]} Rb5 {[%emt 0:01:35]} 41. Qg8+ {[%emt 0:04:25]} Kh6 {[%emt 0:00:05]} 42. Qa2 {[%emt 0:02:21]} Qd5 {[%emt 0:00:39]} 43. Qa1 {[%emt 0:00:58]} Qe5 {[%emt 0:00:37]} 44. Qc1+ {[%emt 0:01:44]} Qg5 {[%emt 0:00:19]} 45. Qa3 {[%emt 0:00:27]} Qf5 {[%emt 0:00:19]} 46. Qe3+ {[%emt 0:01:28]} Qg5 {[%emt 0:02:05]} 47. Qh3+ {[%emt 0:01:13]} Qh5 {[%emt 0:00:10]} 48. Qd3 {[%emt 0:02:12]} Qf5 {[%emt 0:00:18]} 49. Qd2+ {[%emt 0:01:45]} Qg5 {[%emt 0:00:46]} 50. Qd6 {[%emt 0:01:21]} Qf5 {[%emt 0:00:07]} 51. Qd1 {[%emt 0:00:33]} Qd5 {[%emt 0:00:34]} 52. Qa4 {[%emt 0:02:53]} Qf5 {[%emt 0:00:35]} 53. Qa2 {[%emt 0:03:08]} Qd5 {[%emt 0:00:12]} 54. Qe2 {[%emt 0:04:18]} Qe5 {[%emt 0:00:34]} 55. Qg4 {[%emt 0:01:11]} Qf5 {[%emt 0:00:29]} 56. Qh4+ {[%emt 0:00:22]} Kg6 {[%emt 0:00:18]} 57. Qg3+ {[%emt 0:00:39]} Kh6 {[%emt 0:00:03]} 58. Qe3+ {[%emt 0:02:33]} Qg5 {[%emt 0:00:24]} 59. Qh3+ {[%emt 0:02:50]} Qh5 {[%emt 0:00:09]} 60. Qh1 {[%emt 0:02:28]} Qxh1+ {[%emt 0:00:32]} 1/2-1/2

[Event "Ruzomberok GM 2019"]
[Site "Ruzomberok"]
[Date "2019.06.30"]
[Round "2.2"]
[White "Pacher, Milan"]
[Black "Hrabusa, Matej"]
[Result "1/2-1/2"]
[WhiteElo "2434"]
[BlackElo "2397"]
[Annotator "NA"]
[PlyCount "92"]
[EventDate "2019.06.29"]
[EventType "tourn"]
[EventCountry "SVK"]
[SourceTitle "playchess.com"]
[Source "ChessBase"]
[SourceQuality "1"]
[TimeControl "40/5400+30:1800+30"]

1. c4 {[%emt 0:00:00]} f5 {[%emt 0:00:00]} 2. g3 {[%emt 0:00:00]} Nf6 {[%emt 0:00:00]} 3. Bg2 {[%emt 0:00:05]} g6 {[%emt 0:00:08]} 4. Nf3 {[%emt 0:00:25]} Bg7 {[%emt 0:00:10]} 5. O-O {[%emt 0:00:05]} O-O {[%emt 0:00:07]} 6. Nc3 {[%emt 0:00:05]} d6 {[%emt 0:00:16]} 7. d4 {[%emt 0:00:10]} Qe8 {[%emt 0:00:47]} 8. b4 {[%emt 0:00:46]} e5 {[%emt 0:03:48]} 9. dxe5 {[%emt 0:00:26]} dxe5 {[%emt 0:00:11]} 10. b5 {[%emt 0:02:56]} e4 {[%emt 0:09:24]} 11. Ng5 {[%emt 0:03:13]} h6 {[%emt 0:04:32]} 12. Nh3 {[%emt 0:00:04]} Qf7 {[%emt 0:05:24]} 13. Ba3 {[%emt 0:02:59]} Re8 {[%emt 0:01:11]} 14. Rc1 {[%emt 0:01:31]} a6 {[%emt 0:04:26]} 15. Nf4 {[%emt 0:06:37]} axb5 {[%emt 0:13:16]} 16. Nxb5 {[%emt 0:01:02]} Nc6 {[%emt 0:00:35]} 17. f3 {[%emt 0:06:07]} Rd8 {[%emt 0:06:31]} 18. Qb3 {[%emt 0:01:51]} g5 {[%emt 0:03:24]} 19. Nd5 {[%emt 0:00:50]} Nxd5 {[%emt 0:02:31]} 20. cxd5 {[%emt 0:00:03]} exf3 {[%emt 0:17:00]} 21. Bxf3 {[%emt 0:04:16]} Nd4 {[%emt 0:00:08]} 22. Nxd4 {[%emt 0:00:59]} Bxd4+ {[%emt 0:00:04]} 23. e3 {[%emt 0:01:29]} Be5 {[%emt 0:02:05]} 24. Bb2 {[%emt 0:02:03]} Bxb2 {[%emt 0:05:31]} 25. Qxb2 {[%emt 0:00:02]} Ra6 {[%emt 0:03:58]} 26. e4 {[%emt 0:06:41]} f4 {[%emt 0:02:42]} 27. e5 {[%emt 0:02:08]} Qg7 {[%emt 0:02:33]} 28. gxf4 {[%emt 0:01:47]} Rf8 {[%emt 0:02:51]} 29. Qc2 {[%emt 0:04:03]} Bh3 {[%emt 0:02:01]} 30. Rfe1 {[%emt 0:02:45]} Ra3 {[%emt 0:02:24]} 31. Be4 {[%emt 0:07:03]} gxf4+ {[%emt 0:01:44]} 32. Kf2 {[%emt 0:01:24]} Qe7 {[%emt 0:01:31]} 33. Rg1+ {[%emt 0:06:02]} Kh8 {[%emt 0:00:08]} 34. Rg6 {[%emt 0:01:01]} Qh4+ {[%emt 0:01:17]} 35. Kg1 {[%emt 0:00:09]} Re3 {[%emt 0:01:31]} 36. Qf2 {[%emt 0:03:20]} Qxf2+ {[%emt 0:00:58]} 37. Kxf2 {[%emt 0:00:02]} Rxe4 {[%emt 0:00:12]} 38. Rxh6+ {[%emt 0:00:05]} Kg8 {[%emt 0:00:29]} 39. e6 {[%emt 0:03:39]} Bxe6 {[%emt 0:01:08]} 40. Rxe6 {[%emt 0:01:19]} Rxe6 {[%emt 0:01:08]} 41. dxe6 {[%emt 0:30:02]} Ra8 {[%emt 0:06:34]} 42. Rxc7 {[%emt 0:00:00]} Rxa2+ {[%emt 0:00:51]} 43. Kf3 {[%emt 0:00:00]} Kf8 {[%emt 0:02:07]} 44. h4 {[%emt 0:00:00]} Ra6 {[%emt 0:02:46]} 45. Rf7+ {[%emt 0:00:00]} Ke8 {[%emt 0:01:44]} 46. Rxb7 {[%emt 0:00:00]} Rxe6 {[%emt 0:00:20] Ke4} 1/2-1/2

[Event "Ruzomberok GM 2019"]
[Site "Ruzomberok"]
[Date "2019.06.30"]
[Round "2.3"]
[White "Mazur, Stefan"]
[Black "Manik, Mikulas"]
[Result "1-0"]
[WhiteElo "2426"]
[BlackElo "2399"]
[Annotator "NA"]
[PlyCount "91"]
[EventDate "2019.06.29"]
[EventType "tourn"]
[EventCountry "SVK"]
[SourceTitle "playchess.com"]
[Source "ChessBase"]
[SourceQuality "1"]
[TimeControl "40/5400+30:1800+30"]

1. e4 {[%emt 0:00:00]} c5 {[%emt 0:00:00]} 2. Nf3 {[%emt 0:00:00]} d6 {[%emt 0:00:00]} 3. d4 {[%emt 0:00:30]} cxd4 {[%emt 0:00:00]} 4. Nxd4 {[%emt 0:00:06]} Nf6 {[%emt 0:00:00]} 5. Nc3 {[%emt 0:00:12]} Nc6 {[%emt 0:00:00]} 6. Bg5 {[%emt 0:00:09]} e6 {[%emt 0:00:00]} 7. Qd2 {[%emt 0:00:06]} a6 {[%emt 0:00:00]} 8. O-O-O {[%emt 0:00:09]} Bd7 {[%emt 0:00:00]} 9. f4 {[%emt 0:00:40]} Be7 {[%emt 0:00:00]} 10. Nf3 {[%emt 0:00:10]} b5 {[%emt 0:00:02]} 11. Bxf6 {[%emt 0:00:09]} gxf6 {[%emt 0:00:36]} 12. f5 {[%emt 0:00:18]} Qa5 {[%emt 0:01:58]} 13. Kb1 {[%emt 0:01:09]} h5 {[%emt 0:00:08]} 14. g3 {[%emt 0:01:26]} Rc8 {[%emt 0:03:45]} 15. Bh3 {[%emt 0:00:23]} Ne5 {[%emt 0:00:37]} 16. Nxe5 {[%emt 0:00:17]} fxe5 {[%emt 0:00:07]} 17. Rhf1 {[%emt 0:00:23]} b4 {[%emt 0:06:59]} 18. Ne2 {[%emt 0:00:21]} Qc7 {[%emt 0:01:56]} 19. Nc1 {[%emt 0:09:57]} a5 {[%emt 0:00:49]} 20. Nd3 {[%emt 0:00:43]} Qb7 {[%emt 0:05:21]} 21. Qe1 {[%emt 0:01:26]} Rc4 {[%emt 0:10:37]} 22. Qf2 {[%emt 0:08:08]} Kd8 {[%emt 0:16:31]} 23. b3 {[%emt 0:13:37]} Rd4 {[%emt 0:06:53]} 24. Nb2 {[%emt 0:11:24]} Qxe4 {[%emt 0:09:16]} 25. f6 {[%emt 0:01:02]} Bf8 {[%emt 0:00:12]} 26. Bg2 {[%emt 0:00:27]} Qg4 {[%emt 0:02:10]} 27. Bf3 {[%emt 0:07:19]} Qg5 {[%emt 0:03:50]} 28. Rxd4 {[%emt 0:06:40]} exd4 {[%emt 0:02:39]} 29. Qxd4 {[%emt 0:00:15]} Qb5 {[%emt 0:15:24]} 30. Rd1 {[%emt 0:02:59]} d5 {[%emt 0:00:41]} 31. Qa7 {[%emt 0:07:26]} Bd6 {[%emt 0:01:18]} 32. Qa8+ {[%emt 0:02:07]} Qb8 {[%emt 0:00:40]} 33. Qxa5+ {[%emt 0:02:32]} Qc7 {[%emt 0:04:50]} 34. Qa8+ {[%emt 0:11:30]} Qc8 {[%emt 0:01:18]} 35. Qa5+ {[%emt 0:00:38]} Qc7 {[%emt 0:00:08]} 36. Qa8+ {[%emt 0:07:09]} Qc8 {[%emt 0:00:16]} 37. Bxd5 {[%emt 0:00:22]} Qxa8 {[%emt 0:00:27]} 38. Bxa8 {[%emt 0:00:02]} Kc7 {[%emt 0:00:08]} 39. Nc4 {[%emt 0:02:05]} Bxg3 {[%emt 0:00:50]} 40. hxg3 {[%emt 0:01:01]} Rxa8 {[%emt 0:00:02]} 41. Rxd7+ {[%emt 0:31:53]} Kxd7 {[%emt 0:30:01]} 42. Nb6+ {[%emt 0:00:08]} Kc6 {[%emt 0:00:34]} 43. Nxa8 {[%emt 0:00:06]} Kb7 {[%emt 0:00:04]} 44. c3 {[%emt 0:00:11]} bxc3 {[%emt 0:00:52]} 45. Kc2 {[%emt 0:00:05]} Kxa8 {[%emt 0:00:21]} 46. Kxc3 {[%emt 0:00:07]} 1-0

[Event "Ruzomberok GM 2019"]
[Site "Ruzomberok"]
[Date "2019.06.30"]
[Round "2.4"]
[White "Repka, Christopher"]
[Black "Pechac, Jergus"]
[Result "1/2-1/2"]
[WhiteElo "2482"]
[BlackElo "2473"]
[Annotator "ChessBase"]
[PlyCount "61"]
[EventDate "2019.06.29"]
[EventType "tourn"]
[EventCountry "SVK"]
[SourceTitle "playchess.com"]
[Source "ChessBase"]
[SourceQuality "1"]
[TimeControl "40/5400+30:1800+30"]

1. Nc3 {[%emt 0:00:00]} c5 {[%emt 0:00:37]} 2. Nf3 {[%emt 0:02:32]} Nf6 {[%emt 0:00:22]} 3. e4 {[%emt 0:00:26]} Nc6 {[%emt 0:00:06]} 4. d4 {[%emt 0:00:17]} cxd4 {[%emt 0:00:07]} 5. Nxd4 {[%emt 0:00:03]} e5 {[%emt 0:00:11]} 6. Ndb5 {[%emt 0:00:53]} d6 {[%emt 0:00:06]} 7. Bg5 {[%emt 0:00:17]} a6 {[%emt 0:00:07]} 8. Bxf6 {[%emt 0:00:06]} gxf6 {[%emt 0:00:07]} 9. Na3 {[%emt 0:00:03]} f5 {[%emt 0:05:28]} 10. Qh5 {[%emt 0:08:04]} b5 {[%emt 0:01:28]} 11. exf5 {[%emt 0:05:16]} b4 {[%emt 0:05:03]} 12. Bc4 {[%emt 0:00:06]} Ra7 {[%emt 0:00:31]} 13. Nab5 {[%emt 0:00:23]} axb5 {[%emt 0:07:32]} 14. Nxb5 {[%emt 0:00:04]} Rb7 {[%emt 0:05:15]} 15. O-O-O {[%emt 0:04:41]} Qf6 {[%emt 0:11:32]} 16. f4 {[%emt 0:01:58]} Na5 {[%emt 0:09:13]} 17. Qe2 {[%emt 0:04:22]} Bd7 {[%emt 0:09:01]} 18. Rd5 {[%emt 0:02:47]} Qxf5 {[%emt 0:08:28]} 19. Rf1 {[%emt 0:01:26]} Nxc4 {[%emt 0:01:23]} 20. Qxc4 {[%emt 0:00:06]} Qe6 {[%emt 0:00:50]} 21. Qd3 {[%emt 0:04:57]} e4 {[%emt 0:04:24]} 22. Nxd6+ {[%emt 0:00:09]} Qxd6 {[%emt 0:06:24]} 23. Qxe4+ {[%emt 0:07:51]} Qe7 {[%emt 0:00:09]} 24. Re5 {[%emt 0:01:32]} Be6 {[%emt 0:00:11]} 25. f5 {[%emt 0:00:04]} Bg7 {[%emt 0:01:58]} 26. fxe6 {[%emt 0:01:25]} Bxe5 {[%emt 0:04:09]} 27. Qc6+ {[%emt 0:01:15]} Kf8 {[%emt 0:00:05]} 28. Rxf7+ {[%emt 0:00:14]} Qxf7 {[%emt 0:00:09]} 29. exf7 {[%emt 0:00:05]} Re7 {[%emt 0:01:53]} 30. Qc4 {[%emt 0:01:18]} Rxf7 {[%emt 0:00:50]} 31. Qxb4+ {[%emt 0:01:14]} 1/2-1/2